01098cam a2200277 4500001001300000003000400013005001700017008004100034010002300075040003500098050002200133051002700155082001200182100003200194245008700226260012700313300007500440490006200515500006100577504002800638650003400666650001900700710003500719830004900754999001700803gs 68000186 DLC20260227111422.0690606s1968 dcuab b 00010 eng c ags 68000186 //r862 aU.S. Geological Survey Library0 aQE75b.P9 no. 589 aQE144.E3bG37cCopy 2. a551.1/310aGard, Leonard Meade,d1923-10aGeologic studies, Project Gnome, Eddy County, New Mexico,cby Leonard M. Gard, Jr.0 aWashington,bU.S. Dept. of the Interior [Geological Survey; for sale by the Supt. of Docs.] U.S. Govt. Print. Off.,c1968. avi, 33 p.billus. (part col.) maps (2 fold., 1 col. in pocket)c29 cm.1 aUnited States. Geological Survey. Professional paperv589 aPrepared on behalf of the U.S. Atomic Energy Commission. aBibliography: p. 32-33. 0aGeologyzNew MexicozEddy Co. 0aProject Gnome.20aU.S. Atomic Energy Commission. 0aGeological Survey professional paper ;v589. c30432d30432